00593 a2200181 4500003000400000005001700004008004100021020001800062040000900080082001700089100002100106245006200127260001900189300001000208942004000218952013600258999001700394OSt20230927102422.0230927b |||||||| |||| 00| 0 eng d a9788184874266 coclc a512.2bPAT/G aPatra, P K99628 aGroup theory and its applications /cP K Patra, R K Thapa bNarosa,c2018. a194 p 2ddccBKh512.2iPAT/Gk512.2mPAT/G 00102ddc40708MATHEMATICSaMESbMEScMATd2023-09-27l0o512.2 PAT/Gp42699r2023-09-27 10:23:05v330.00w2023-09-27yBKzGL23R1 c42404d42404